000
00422nam a2200133Ia 4500
008
100328s9999 xx 000 0 und d
082
_b
31456
100
_a
पै शिरीष
245
_a
वडिलांच्या सेवेसी
260
_b
डिंपल
630
_a
वडिलांच्या सेवेसी
730
_a
वडिलांच्या सेवेसी
942
_c
BOOK
999
_c
522344
_d
522341